Стационарные и нестационарные режимы процесса экструзии псевдопластичных сред на одночервячных машинах: диссертация на соискание ученой степени кандидата технических наук; спец. 05.17.08

Xehetasun bibliografikoak
Egile nagusia: Горбунов Д. Б. Денис Борисович
Erakunde egilea: Томский политехнический университет
Beste egile batzuk: Татарников А. А. (научный руководитель)
Hizkuntza:errusiera
Argitaratua: Томск, [Б. и.], 2006
Gaiak:
Formatua: Liburua
KOHA link:https://koha.lib.tpu.ru/cgi-bin/koha/opac-detail.pl?biblionumber=106809

MARC

LEADER 00000nbm0a2200000 4500
001 106809
005 20231031115037.0
035 |a (RuTPU)RU\TPU\book\115345 
090 |a 106809 
100 |a 20061214j20061212k y0rusy50 ca 
101 0 |a rus 
102 |a RU 
105 |a a m 001zy 
200 1 |a Стационарные и нестационарные режимы процесса экструзии псевдопластичных сред на одночервячных машинах  |e диссертация на соискание ученой степени кандидата технических наук  |e спец. 05.17.08  |f Д. Б. Горбунов  |g Томский политехнический университет; науч. рук. А. А. Татарников 
210 |a Томск  |c [Б. и.]  |d 2006 
215 |a 195 л.  |c ил. 
229 |a Защищена 05.17.08 
320 |a Библиогр.: с. 150-161 (110 назв.). 
610 1 |a резиновая промышленность 
610 1 |a червячные машины 
610 1 |a одночервячные машины 
610 1 |a функциональные зоны 
610 1 |a математическое описание 
610 1 |a динамические характеристики 
610 1 |a резиновые смеси 
610 1 |a экструзия 
610 1 |a экспериментальные исследования 
610 1 |a диссертации 
675 |a 678.4.05(04)  |v 3 
686 |a 05.17.08  |2 oksvnk 
700 1 |a Горбунов  |b Д. Б.  |g Денис Борисович 
702 1 |a Татарников  |b А. А.  |4 727 
712 0 2 |a Томский политехнический университет  |z 1991-  |2 stltpush  |3 (RuTPU)RU\TPU\col\376 
801 1 |a RU  |b 63413507  |c 20061214  |g PSBO 
801 2 |a RU  |b 63413507  |c 20070124  |g PSBO 
942 |c BK